<?xml version="1.0" encoding="UTF-8"?>
<record
    xmlns:xsi="http://www.w3.org/2001/XMLSchema-instance"
    xsi:schemaLocation="http://www.loc.gov/MARC21/slim http://www.loc.gov/standards/marcxml/schema/MARC21slim.xsd"
    xmlns="http://www.loc.gov/MARC21/slim">

  <leader>00982nam a2200229   4500</leader>
  <controlfield tag="001">108329</controlfield>
  <controlfield tag="003">ES-MaACL</controlfield>
  <controlfield tag="005">20250401175056.0</controlfield>
  <controlfield tag="007">t|</controlfield>
  <controlfield tag="008">061121s1951    it      r    ||||1| ita d</controlfield>
  <datafield tag="100" ind1="1" ind2=" ">
    <subfield code="a">Monacciani, Luigi.</subfield>
    <subfield code="9">82096</subfield>
  </datafield>
  <datafield tag="245" ind1="1" ind2="0">
    <subfield code="a">Azione e legittimazione / </subfield>
    <subfield code="c">Luigi Monacciani.</subfield>
  </datafield>
  <datafield tag="260" ind1=" " ind2=" ">
    <subfield code="a">Milano : </subfield>
    <subfield code="b">Dott. A. Giuffr&#xE9;, </subfield>
    <subfield code="c">1951.</subfield>
  </datafield>
  <datafield tag="300" ind1=" " ind2=" ">
    <subfield code="a">IX, 405 p. ; </subfield>
    <subfield code="c">25 cm.</subfield>
  </datafield>
  <datafield tag="500" ind1=" " ind2=" ">
    <subfield code="a">Es publicaci&#xF3;n dell'Instituto di Scienze Giuridiche, Economiche, Politiche e Sociali della Universit&#xE1; di Messina.</subfield>
  </datafield>
  <datafield tag="510" ind1=" " ind2=" ">
    <subfield code="a">ICCU,</subfield>
    <subfield code="c">0155927</subfield>
  </datafield>
  <datafield tag="650" ind1=" " ind2="7">
    <subfield code="9">146051</subfield>
    <subfield code="a">Actos jur&#xED;dicos</subfield>
  </datafield>
  <datafield tag="852" ind1=" " ind2=" ">
    <subfield code="a">ES-MaACL</subfield>
    <subfield code="j">D-6401 </subfield>
    <subfield code="b">R.31839</subfield>
    <subfield code="b">R.M.5996</subfield>
    <subfield code="9">112433</subfield>
    <subfield code="c">SVI</subfield>
    <subfield code="f">Sello en tinta azul de la Biblioteca del Ateneo de Madrid</subfield>
    <subfield code="g">Anotaci&#xF3;n manuscrita en cubierta: "23"</subfield>
    <subfield code="z">En cubierta: "22.MAR.1952"</subfield>
  </datafield>
  <datafield tag="942" ind1=" " ind2=" ">
    <subfield code="2">udc</subfield>
    <subfield code="c">MONOGRAFIA</subfield>
  </datafield>
  <datafield tag="999" ind1=" " ind2=" ">
    <subfield code="c">108329</subfield>
    <subfield code="d">108329</subfield>
  </datafield>
  <datafield tag="952" ind1=" " ind2=" ">
    <subfield code="0">0</subfield>
    <subfield code="1">0</subfield>
    <subfield code="4">0</subfield>
    <subfield code="7">0</subfield>
    <subfield code="a">ATENEOM</subfield>
    <subfield code="b">ATENEOM</subfield>
    <subfield code="c">SVI</subfield>
    <subfield code="d">2008-01-17</subfield>
    <subfield code="e">SC</subfield>
    <subfield code="l">0</subfield>
    <subfield code="o">D-6401</subfield>
    <subfield code="p">901113036</subfield>
    <subfield code="r">2023-02-23 00:00:00</subfield>
    <subfield code="w">2023-02-23</subfield>
    <subfield code="y">MONOGRAFIA</subfield>
  </datafield>
</record>
